So Good They Can´t Ignore You : Why skills Trump Passion in the Quest for Work You Love /

Salvato in:
Dettagli Bibliografici
Autore principale: Newport, Cal (Autore)
Natura: Libro
Lingua:inglese
Pubblicazione: New York Grand Central Publ. 2012
Edizione:1. vyd.
Soggetti:
Tags: Aggiungi Tag
Nessun Tag, puoi essere il primo ad aggiungerne!!

MARC

LEADER 00000nam a22000003a 4500
001 0077527
003 SK-STU
005 20191114114738.0
007 ta
008 191114s ----xo-----e------000-0-----d
020 |a 978-1-4555-0912-6 
040 |a STU  |b slo 
041 0 |a eng 
044 |a xxu 
100 1 |a Newport, Cal  |4 aut 
245 1 0 |a So Good They Can´t Ignore You :  |b Why skills Trump Passion in the Quest for Work You Love /  |c aut. Cal Newport 
250 |a 1. vyd. 
260 |a New York  |b Grand Central Publ.  |c 2012 
300 |a 273 s. 
650 0 7 |a Povolanie 
996 |b 284M088231  |c M* 14255-1  |l MMKN  |s A  |a 24  |w 0077527_0001